| 000 | 01716cam a2200277 i 4500 | ||
|---|---|---|---|
| 005 | 20140903175112.0 | ||
| 008 | 760709s1866 xxua fr 000 1 eng d | ||
| 010 | _a76351330 | ||
| 040 |
_aDLC _cSandra Yazo _dSandra Yazo _bspa |
||
| 050 | 0 | 0 |
_aPR4494 _b.A8 1866 |
| 082 | 0 | 4 |
_a823 _220 |
| 092 | _aE29N022 | ||
| 100 | 1 |
_aCollins, Wilkie, _d1824-1889. _960695 |
|
| 242 | 0 | 0 |
_bArmadale _cuna novela _ppor Wilkie Collins _yspa |
| 245 | 1 | 0 |
_aArmadale _ba novel _cby Wilkie Collins |
| 260 |
_aNew York (Estados Unidos) _bHarper & Brothers _c1866 |
||
| 300 |
_a320 p. _billustración _c24 x 15 cm. |
||
| 500 | _aDetalles físicos: Encuadernación rígida en cartón forrada en cuero, tapas repujadas, lomo con nervaduras. Guardas en papel de agua. Portada impresa en una sola página. Texto impreso de buena calidad, varias ilustraciones entre el texto, impresión en dos columnas. Papel manchado. | ||
| 505 | 1 | _aLos viajeros. ; El lado solido del carácter escoces. ; El naufragio del Buque de madera -- El misterio de Ozias en pleno invierno. ; El hombre revelado. ; Día y noche. ; La sombra del pasado. ; La sombra del futuro -- Travesura al asecho. ; Allan como un propietario de finca. ; Demandas de la sociedad. ; La marcha de eventos. ; Madre Oldershaw sobre su guardia. ; Solsticio de invierno disfrazado. ; El trama complicada. ; -- Destino u casualidad. ; La cara de la casa Maid. ; La señorita Gwilt entre arena movediza. ; El nublado cielo. ; Salida … | |
| 506 | _aConsulta en sala. | ||
| 546 | _aTexto en inglés | ||
| 650 | 7 |
_aNovela inglesa _920530 |
|
| 650 | 7 |
_aPadres e hijos _vNovela. _956576 |
|
| 690 |
_942863 _aLiteratura europea |
||
| 942 |
_a18 _cLIBRO _e1 _2DEWEY _h823 |
||
| 999 |
_c242599 _d242599 |
||